| 000 | 00468nam a2200157 i 4500 | ||
|---|---|---|---|
| 001 | 62131 | ||
| 003 | ES-MaACL | ||
| 005 | 20230906164619.0 | ||
| 007 | t| | ||
| 008 | 031118s1962 sp ||||1| spa d | ||
| 100 | 1 |
_aFeraud García, José Marís. _949272 |
|
| 245 | 1 | 0 |
_aVidas ejemplares san Pedro Regalado / _cpor Jose Mª Feraud García. |
| 260 |
_aMadrid : _bApostolado de la Prensa, _c[1962] |
||
| 300 |
_a128 p. ; _c15 cm. |
||
| 852 |
_aES-MaACL _jC-22308 _bR.50690 |
||
| 999 |
_c62131 _d62131 |
||